L'Eglise d'Allemagne à la veille des JMJ (notice n° 2065148)
[ vue normale ]
| 000 -LEADER | |
|---|---|
| fixed length control field | 00738cam a2200157 4500500 |
| 005 - DATE AND TIME OF LATEST TRANSACTION | |
| control field | 20260405003203.0 |
| 041 ## - LANGUAGE CODE | |
| Language code of text/sound track or separate title | fre |
| 042 ## - AUTHENTICATION CODE | |
| Authentication code | dc |
| 100 10 - MAIN ENTRY--PERSONAL NAME | |
| Personal name | Nientiedt, Klaus |
| Relator term | author |
| 245 00 - TITLE STATEMENT | |
| Title | L'Eglise d'Allemagne à la veille des JMJ |
| 260 ## - PUBLICATION, DISTRIBUTION, ETC. | |
| Date of publication, distribution, etc. | 2005.<br/> |
| 500 ## - GENERAL NOTE | |
| General note | 15 |
| 520 ## - SUMMARY, ETC. | |
| Summary, etc. | RésuméIl y a 26,16 millions d’Allemands qui se déclarent membres de l’Eglise catholique, face à 25,84 millions de protestants. Ces chiffres sont en baisse : comme beaucoup d’Eglises locales en Europe, l’Eglise catholique connaît en Allemagne de profonds changements. |
| 786 0# - DATA SOURCE ENTRY | |
| Note | Études | 403 | 7 | 2005-07-01 | p. 69-78 | 0014-1941 |
| 856 41 - ELECTRONIC LOCATION AND ACCESS | |
| Uniform Resource Identifier | <a href="https://shs.cairn.info/revue-etudes-2005-7-page-69?lang=fr&redirect-ssocas=7080">https://shs.cairn.info/revue-etudes-2005-7-page-69?lang=fr&redirect-ssocas=7080</a> |
Pas d'exemplaire disponible.




Réseaux sociaux